Особливості оволодіння іноземною мовою дітьми в умовах білінгвізму (Запис № 285331)
[ простий вигляд ]
| 000 -LEADER | |
|---|---|
| fixed length control field | 02058nam a22001577a 4500 |
| 041 ## - LANGUAGE CODE | |
| Language code of text/sound track or separate title | ukr |
| 080 ## - UNIVERSAL DECIMAL CLASSIFICATION NUMBER | |
| Universal Decimal Classification number | 09 |
| 090 ## - LOCALLY ASSIGNED LC-TYPE CALL NUMBER (OCLC); LOCAL CALL NUMBER (OCLC) | |
| Local cutter number (OCLC) ; Book number/undivided call number, CALL (RLIN) | ДІД |
| 100 ## - MAIN ENTRY--PERSONAL NAME | |
| Personal name | Дідківська, Л. В. |
| 245 ## - TITLE STATEMENT | |
| Title | Особливості оволодіння іноземною мовою дітьми в умовах білінгвізму |
| 260 ## - PUBLICATION, DISTRIBUTION, ETC. (IMPRINT) | |
| Place of publication, distribution, etc | Острог |
| Name of publisher, distributor, etc | КАФ |
| Date of publication, distribution, etc | 2013 |
| 300 ## - PHYSICAL DESCRIPTION | |
| Extent | 76 |
| 520 ## - SUMMARY, ETC. | |
| Summary, etc | Вступ.<br/>Розділ І. Когнітивні процеси, що впливають на вивчення мови, та процеси виникнення і засвоєння значення слів.<br/>1.1. Пізнання і вивчення мови, сприйняття та вивчення значення слів<br/>1.2. Розвиток лексики в онтогенезі та різні підходи до розуміння значення<br/>Розділ ІІ. Засвоєння значення під час вивчення другої мови, проблеми двомовності.<br/>2.1. Проблеми освоєння іноземної мови<br/>2.2. Проблема двомовності, перемикання і змішання мовних кодів<br/>Розділ ІІІ. Практичне дослідження процесів словотворення серед дітей-білінгвів.<br/>3.1. Узагальнення аналізу теоретичних передумов дослідження, метод та організація досліджень<br/>3.2. Обєкт дослідження та інструмент дослідження<br/>3.3. Результати дослідження. Граматичний та лексичний аспекти утворення нових слів<br/>Розділ IV. Охорона праці.<br/>4.1. Теоретичні основи охорони праці<br/>Висновки.<br/>Додатки.<br/>Список використаної літератури. |
| -- | білінгвізм, двомовність, методика |
| 650 ## - SUBJECT ADDED ENTRY--TOPICAL TERM | |
| Topical term or geographic name as entry element | Research Papers |
| 942 ## - ADDED ENTRY ELEMENTS (KOHA) | |
| Koha item type | Книги |
| Withdrawn status | Lost status | Source of classification or shelving scheme | Damaged status | Not for loan | Home library | Current library | Date acquired | Source of acquisition | Cost, normal purchase price | Total Checkouts | Full call number | Barcode | Date last seen | Price effective from | Koha item type |
|---|---|---|---|---|---|---|---|---|---|---|---|---|---|---|---|
| Universal Decimal Classification | ВІЛ - Відділ іноземн. літератури НБ | ВІЛ - Відділ іноземн. літератури НБ | 12/06/2013 | Акт №7 | 1.00 | 09 | 215299 | 09/11/2021 | 12/06/2013 | Книги |